Volumen de una vida / (Record no. 171537)

MARC details
000 -LEADER
campo de control de longitud fija 00429nam a22001455i 4500
001 - NÚMERO DE CONTROL
campo de control 171537
003 - IDENTIFICADOR DE NÚMERO DE CONTROL
campo de control ES-MaACL
005 - FECHA Y HORA DE LA ÚLTIMA TRANSACCIÓN
campo de control 20230906214646.0
008 - DATOS DE LONGITUD FIJA--INFORMACIÓN GENERAL
campo de control de longitud fija 090519s1932 ne |||| | spa d
100 1# - ENTRADA PRINCIPAL--NOMBRE DE PERSONA
Nombre de persona Solano Guzman, Gustavo.
9 (RLIN) 140227
245 10 - MENCIÓN DEL TÍTULO
Título Volumen de una vida /
Mención de responsabilidad, etc. por Gustavo Solano Guzman, el conde gris.
260 ## - PUBLICACIÓN, DISTRIBUCIÓN, ETC.
Lugar de publicación, distribución, etc. Amberes :
Nombre del editor, distribuidor, etc. Ratincke Freres,
Fecha de publicación, distribución, etc. 1932.
300 ## - DESCRIPCIÓN FÍSICA
Extensión 322 p. ;
Dimensiones 24 cm.
852 ## - LOCALIZACIÓN
Ubicación ES-MaACL
Número de control de estantería B-4801
Holdings
Estatus retirado Estado de pérdida Estado de daño No para préstamo Biblioteca de origen Biblioteca actual Ubicación en estantería Fecha de adquisición Fuente de adquisición Total de préstamos Signatura topográfica completa Código de barras Visto por última vez Precio de reemplazo Tipo de ítem Koha
        Biblioteca del Ateneo de Madrid Biblioteca del Ateneo de Madrid Sala Pardo Bazán 19/05/2009     B-4801 1180016 23/02/2023 23/02/2023 Libro impreso